Quizzes
Events
Quiz Creation
Community
Videos
Private Events
Remove Ads
Sign In
Join for FREE
Feedback
Dark Mode
Quiz Categories
Sports
Geography
Music
Movies
Television
Just For Fun
Miscellaneous
History
Literature
Language
Science
Gaming
Entertainment
Religion
Holiday
For Kids
Quiz Lab
Recent
Popular Today
Quiz Kudos Today
Editor Picks
Curator Picks
Quizzes by...
Day
Popularity
Type
Ratings
Length
Year
Community
Subscriptions
Recent Discussions
Orange Saloon
Badges
Playlists
Quests
Create
Leaderboards
Showdown
Live 5
Trivia Bingo
Activity
Puzzle Library
Sporcle Events
Private Events
Virtual Trivia
Globe League
Become a Host
Pub Owners
SporcleCon
Opinionation
Our Games
Videos
Blog
Mobile Apps
Partnerships
Remove Ads and Go Orange
Feedback
Geography
Country
Landmarks
City
State
Population
World
Capital
Continent
Flags
Europe
Africa
Asia
South America
North America
Oceania
Border
Canada
United Kingdom
Topography
United States
Geography
Country
Landmarks
City
State
Population
World
Capital
Continent
Flags
Europe
Africa
Asia
South America
North America
Oceania
Border
Canada
United Kingdom
Topography
United States
Random Quiz
Search Sporcle
×
Quiz Lab
Quiz Lab
Geography
Sporcle
Type in answers that appear in a list
Type in answers that appear in a list
Classic
Best Score? Go Orange.
Worlds second fastest geography quiz Stats
Can you name the most countries in 2 minutes of all sporcle players?
By
hvdm
2m
195 Questions
916 Plays
916 Plays
916 Plays
Comments
Comments
Give Quiz Kudos
Give Quiz Kudos
-
- Ratings
hide this ad
More Info
Replay
Link that replays current quiz
Next Quiz
Link to next quiz in quiz playlist
You Got
0%
They Got
Avg Score
24%
Avg Friend Score
Upgrade to see
Score Distribution
Jump to the score distribution portion of the page
Score
0/195
Timer
02:00
0
Plays Today
Country
% Correct
United States
88.4%
United Kingdom
84.8%
France
74.5%
Canada
73.4%
China
71.9%
Russia
70.3%
Mexico
66.6%
Spain
65.7%
Brazil
65.4%
Japan
64.5%
Germany
64.2%
Italy
61.6%
Sweden
57.6%
India
57.5%
Ireland
55.8%
Norway
52.7%
Finland
51.7%
Peru
49.8%
Australia
49.5%
Chile
49.5%
Iran
48%
Iraq
48%
Austria
47.1%
Iceland
46.8%
Denmark
46.2%
Argentina
46%
Greece
46%
Portugal
45.7%
Egypt
45%
Cuba
44.2%
Poland
41.9%
United Arab Emirates
39.8%
Turkey
35.6%
Oman
34.8%
Latvia
34.7%
South Africa
34.7%
Israel
34%
Belgium
33.6%
Fiji
33.4%
South Korea
33.2%
Yemen
33.1%
Laos
32.5%
Chad
32.2%
Togo
31.8%
Algeria
31.7%
Haiti
31.7%
Niger
31.7%
Andorra
31.1%
Colombia
30.7%
North Korea
30.6%
Estonia
29.9%
Mali
29.5%
Panama
29.4%
Albania
29.1%
New Zealand
28.7%
Uruguay
28.7%
Ghana
28.4%
Bolivia
27.8%
Mongolia
27.7%
Nepal
27.7%
Hungary
27.6%
Sudan
27.4%
Vietnam
27.4%
Libya
27.1%
Switzerland
27.1%
Country
% Correct
Ukraine
27%
Nigeria
26.5%
Thailand
26.5%
Lithuania
26.2%
Netherlands
25.9%
Benin
25.5%
Jordan
25.5%
Pakistan
25.5%
Paraguay
25.5%
Morocco
25.4%
Ecuador
25.2%
Indonesia
25.2%
Monaco
25%
Venezuela
24.8%
Qatar
24.5%
Tonga
24.2%
Belize
23.9%
Malta
23.9%
Syria
23.7%
Afghanistan
23.6%
Jamaica
23.6%
Saudi Arabia
22.7%
Kenya
22.6%
Serbia
22.5%
Samoa
22.2%
Cyprus
21.7%
Vatican City
21.7%
Cambodia
21.6%
Romania
21.5%
Belarus
21.4%
Bulgaria
21.4%
Slovakia
21.2%
Angola
21.1%
Croatia
21%
Honduras
21%
Bhutan
20.6%
Nauru
20.5%
Costa Rica
20.1%
Palau
19.9%
Slovenia
19.8%
Guatemala
19.7%
Taiwan
19.7%
Armenia
19.4%
Democratic Republic of the Congo
19.4%
Tunisia
19.3%
Suriname
19.2%
Guyana
19%
Kosovo
19%
Uganda
18.7%
Dominica
18.6%
Lebanon
18.6%
Guinea
18.4%
Tuvalu
18.4%
Central African Republic
18.3%
San Marino
17.4%
Bahamas
17.1%
Rwanda
17%
Kuwait
16.7%
Lesotho
16.7%
Georgia
16.3%
Ethiopia
16%
Somalia
15.9%
Bahrain
15.8%
Zambia
15.5%
Nicaragua
15.3%
Country
% Correct
Vanuatu
15.1%
Malaysia
15%
Singapore
15%
Gabon
14.8%
Sri Lanka
14.5%
The Gambia
14.4%
Brunei
14.3%
El Salvador
14.2%
Kiribati
14.1%
Senegal
14.1%
Malawi
13.8%
Luxembourg
13.3%
Bangladesh
13.2%
Macedonia
13.1%
Djibouti
13%
Moldova
12.9%
Zimbabwe
12.9%
Liberia
12.7%
Eritrea
12.6%
Namibia
12.6%
Philippines
12.4%
Czech Republic
12.3%
Cameroon
11.7%
Grenada
10.7%
Mauritania
10.6%
Barbados
10.5%
Burundi
10.5%
Madagascar
10.4%
Montenegro
10.4%
Comoros
10%
Myanmar
10%
Azerbaijan
9.7%
Dominican Republic
9.7%
Kazakhstan
9.6%
Tanzania
9.2%
Botswana
8.7%
Guinea-Bissau
8.5%
Saint Lucia
8.5%
Mozambique
8.4%
Liechtenstein
8.1%
Maldives
7.9%
Seychelles
7.8%
Swaziland
7.8%
Sierra Leone
7.6%
Timor-Leste
7.5%
Micronesia
7.4%
Cote d'Ivoire
6.9%
Burkina Faso
6.8%
Mauritius
6.7%
Saint Kitts and Nevis
6.7%
Republic of the Congo
6.2%
Cape Verde
5.9%
Uzbekistan
5.9%
Papua New Guinea
5%
Marshall Islands
4.9%
Solomon Islands
4.6%
Turkmenistan
4.6%
Bosnia and Herzegovina
4.3%
Antigua and Barbuda
3.8%
Kyrgyzstan
3.6%
Sao Tome and Principe
3.5%
Trinidad and Tobago
3.5%
Tajikistan
3.4%
Equatorial Guinea
2.7%
Saint Vincent and the Grenadines
2.7%
Quiz Playlist
Details
Report
Send in Message
Add To Playlist
More Info:
how many countries can you name in 2 minutes?
Classic:
Type in answers that appear in a list
Last Updated: Apr 15, 2017
Quiz Scoreboard
CHALLENGE
Sign Up to Join the Scoreboard
Show All
Scores
Hide
Comments
May contain spoilers
Recently Published
NBA Finals Game Top Scorers (2010s)
by flibbidy
Sports
5m
Guess the 'R' Things in 3 Words
by MSUKent
Miscellaneous
3m
Actor to Badly Drawn Movie III
by MoMosMoProblems
Movies
5m
More to Explore
Quiz From the Vault
Featured Blog Post
Where Does Lost Luggage Go?
hide this ad
You Might Also Like...
Tags
Country Quiz
Sporcle Quiz
World Quiz
fastest
minute
Player
second
Today's Top Quizzes in Geography
Browse Geography
hide this ad
Today's Top Quizzes in Sporcle
Browse Sporcle
Top Contributed Quizzes in Geography
1
Countries of the World - No Outlines Minefield
2
Find the Landmarks A-Z
3
Lietuvos savivaldybės (Lithuanian Municipalities)
4
Blind Ultimate Minefield: World
5
Ultimate Geography Challenge 'A'
6
Find the US States - No Outlines
7
3, 2, 1 or 0: Land Borders
8
Complete the Map Snippet (Minefield) IX
9
Nickname Match: U.S. States
10
Complete the Map Snippet (Minefield) X
Explore More
Trending Topics
Harry Potter
Marvel
Anime
Disney
NBA
Kpop
Crossword
Country
Pokémon
Song
WWE
Soccer
NFL
The Office
Puzzle
hide this ad
More By:
hvdm
Quiz
Plays
Rating
Category
Featured
Created
X-Men by Real Name
97,175
4.34
Entertainment
Jan 20, 2010
Where are you from?
27,413
3.26
Geography
Nov 1, 2009
Family Guy quiz
17,517
2.48
Television
Oct 7, 2009
Family Guy Quiz 2 (longer version)
15,686
3.35
Television
Oct 22, 2009
Soccer quiz
5,510
2.68
Sports
Oct 18, 2009
Go to Creator's Profile
Score Distribution
Quiz Creator Spotlight
hvdm
Follow
Send a Message
Quizzes Created
-
Created Quiz Play Count
-
More By This Creator
Popular Quizzes Today
1
Find the US States - No Outlines Minefield
2
Find the US States
3
The Countries of the World
4
10 Largest US States in Order
5
Find the Countries of Europe - No Outlines Minefield
6
US States
7
Guess the 'R' Things in 3 Words
8
NBA Finals Game Top Scorers (2010s)
More Geography Quizzes
'A' World Metros
Published
Trending Quizzes
First Name TV: Leading Men
Match the Book to the Film II
First Name TV: Leading Women Drama
Match the Book to the Film VI
Pick A Pair: Religious TV
Recently Updated
Women's Final Four Teams by Year
bhenderson79
Presidents Quartet II
eogle
Anything But Clue(do)
eogle
Anything But Oceanian Capitals
eogle
Anything But 7
eogle
Anything But Thing
eogle
Word Ladder: February 29
pecheneg
Song Title Questions
pecheneg
Women's NCAA Tournament #1 Seeds
pecheneg
Celebrity Mug Shots
pecheneg
Trending Topics
Crossword
NBA
Disney
Kpop
Harry Potter
Anime
Marvel
Puzzle
Country
Soccer
WWE
NFL
Song
Pokémon
The Office
Your Account Isn't Verified!
In order to create a playlist on Sporcle, you need to verify the email address you used during registration. Go to your
Sporcle Settings
to finish the process.
Report this User
Report this user for behavior that violates our
Community Guidelines
.
Details:
Send Report
Go to the Sporcle.com Mobile Site →
Comments